000 00396nam a22001697a 4500
999 _c188480
_d188480
005 20220525101104.0
010 _aENG-132807
020 _a9780751558487
_c350.00
035 _aEN-116339
037 _bDBAD/PUB
082 _aS
100 _aSparks, Nicholas
245 _aThe Longest Ride/
_cNicholas Sparks
260 _bHachette
300 _a451p
_c18cm(pbk)
942 _2ddc
_cEN
_hS
_mSPA